Statistics for Speed Type 10 Scrambled Countries in 1 Minute

Click here to take the quiz!

General Stats

  • This quiz has been taken 53 times
    (52 since last reset)
  • The average score is 8 of 10

Answer Stats

Country% Correct
Haiti
87%
Finland
85%
Mexico
85%
Montenegro
85%
Paraguay
83%
Malaysia
81%
Myanmar
70%
Papua New Guinea
62%
Vatican City
57%
Senegal
55%

Score Distribution

Percentile by Number Answered

Percent of People with Each Score

Your Score History

You have not taken this quiz since the last reset